LEADER 01057nam0-22003251i-450- 001 990007827250403321 005 20080213135452.0 010 $a3-8253-1451-0 035 $a000782725 035 $aFED01000782725 035 $a(Aleph)000782725FED01 035 $a000782725 100 $a20030929d2003----km-y0itay50------ba 101 0 $ager$aeng 102 $aDE 105 $ac-------101yy 200 1 $aKunst, hermeneutik, philosophie$edas denken Hans Georg Gadamers im zusammenhang des 20. jahrhunderts$eakten des internationalen symposiums Budapest, 19.-22. oktober 2000$fherausgegeben von István M. Fehér 210 $aHeidelberg$cWinter$d2003 215 $a235 p.$cill.$d24 cm 225 1 $aBeiträge zur philosophie$iNeue folge 610 0 $aErmeneutica 676 $a121.686$v21$zita 702 1$aFehér,$bIstván M. 801 0$aIT$bUNINA$gRICA$2UNIMARC 901 $aBK 912 $a990007827250403321 952 $aP.1 FER 92$bBibl. 47787$fFLFBC 959 $aFLFBC 996 $aKunst, hermeneutik, philosophie$9663324 997 $aUNINA LEADER 01376nam0 22003011i 450 001 SUN0015096 005 20130108112419.180 100 $a20040115d1984 |0itac50 ba 101 $aita 102 $aIT 105 $a|||| ||||| 200 1 $aˆLe ‰sopravvenienze nel reddito d'impresa$fFrancesco Marini 210 $aPadova$cCEDAM$d1984 215 $aXII, 145 p.$d 24 cm. 410 1$1001SUN0007831$12001 $aˆIl ‰diritto tributario commentato. Ser. 1$v66$1210 $aPadova$cCEDAM. 606 $aAziende$xRedditi$xTributi$2FI$3SUNC007851 620 $dPadova$3SUNL000007 676 $a343.4506$v21 700 1$aMarini$b, Francesco$3SUNV010974$0357796 712 $aCEDAM$3SUNV005537$4650 801 $aIT$bSOL$c20181109$gRICA 912 $aSUN0015096 950 $aUFFICIO DI BIBLIOTECA DEL DIPARTIMENTO DI ECONOMIA$d03 PREST IVGd4 $e03 30607 950 $aUFFICIO DI BIBLIOTECA DEL DIPARTIMENTO DI GIURISPRUDENZA$d00 CONS XIX.Em.84 $e00 6931 995 $aUFFICIO DI BIBLIOTECA DEL DIPARTIMENTO DI ECONOMIA$bIT-CE0106$h30607$kPREST IVGd4$op$qa 995 $aUFFICIO DI BIBLIOTECA DEL DIPARTIMENTO DI GIURISPRUDENZA$h6931$kCONS XIX.Em.84$op$qa 996 $aSopravvenienze nel reddito d'impresa$9833133 997 $aUNICAMPANIA LEADER 01292nam--2200421---450- 001 990002248210203316 005 20100907101740.0 --- $d00288941 035 $a000224821 035 $aUSA01000224821 035 $a(ALEPH)000224821USA01 035 $a000224821 100 $a20041207d1976----km-y0itay0103----ba 101 0 $aita 102 $aIT 105 $a||||||||001yy 200 1 $aStato e rivoluzione$ela dottrina marxista dello Stato e i compiti del proletariato nella rivoluzione$fV. I. Lenin$ga cura di Valentino Gerratana 210 $aRoma$cEditori riuniti$d1976 215 $a207 p.$d19 cm 225 2 $a<> idee$v1 410 0$12001$a<> idee$v1 454 1$12001 461 1$1001-------$12001 606 0 $aStato$xConcezione marxista 676 $a321.84 700 1$aLENIN,$bVladimir Ilic$0119558 702 1$aGERRATANA,$bValentino 801 0$aIT$bsalbc$gISBD 912 $a990002248210203316 951 $a321.84 LEN 1 (Coll. CS 1)$b36067 G.$cColl. CS 959 $aBK 969 $aGIU 979 $aSIAV4$b10$c20041207$lUSA01$h1640 979 $aSIAV4$b10$c20041207$lUSA01$h1641 979 $aSIAV4$b10$c20041207$lUSA01$h1643 979 $aRSIAV2$b90$c20100907$lUSA01$h1017 996 $aStato e rivoluzione$9238085 997 $aUNISA